000 00298nam a22001337a 4500
008 181105b xxu||||| |||| 00| 0 eng d
020 _a0201162903
041 _aeng
080 _26th
_a510
100 _a36
101 _aMAT
245 _aCalculus and Analytic Geometry
_cThomas
942 _2udc
_cBK
999 _c51879
_d51879